000
00351 a2200169 4500
001
185691
020
_a
85-329-0136-0
040
_c
Magnum
100
_a
Viana, Vivina de Assis
240
1
0
_a
Meu dente caiu!
_l
por
245
1
0
_a
Meu dente caiu!
300
_a
16
362
0
_a
1986
440
1
_a
LĂȘ
697
_a
LITERATURA INFANTO
942
_c
BK
999
_c
185691
_d
185691